000 00443nam a2200145 a 4500
001 3761
005 20180713183654.0
008 140415s1988 000 0 spa d
041 _aspa
082 _a302.01872
_bINV
245 0 3 _aLA INVESTIGACION DE LA COMUNICACION EN MEXICO :
_bLOGROS Y PERSPECTIVAS
260 _a[s.l.] :
_bEDICIONES DE COMUNICACION,
_c1988
300 _a261
650 1 4 _aCOMUNICACION
_xINVESTIGACION
_xMEXICO
999 _c3761
_d3761